Central Library, Doon University
WEBOPAC (ONLINE PUBLIC ACCESS CATALOGUE)

I Genetics (Record no. 59505)

MARC details
000 -LEADER
fixed length control field 00476nam a22001937a 4500
005 - DATE & TIME
control field 20250320152601.0
008 - FIXED-LENGTH DATA ELEMENTS--GENERAL INFORMATION
fixed length control field 250320b |||||||| |||| 00| 0 eng d
020 ## - ISBN
International Standard Book Number 9789332571624
Price 1070.00
040 ## - CATALOGING SOURCE
Original cataloging agency Doon University
041 ## - Language
Language English
082 ## - DDC NUMBER
Classification number 575.1
Book Number RUS
100 ## - MAIN ENTRY--PERSONAL NAME
Personal name Russell, Peter J
245 ## - TITLE STATEMENT
Title I Genetics
Sub Title : A molecular approach
250 ## - EDITION STATEMENT
Edition statement 3rd
260 ## - PUBLICATION, DISTRIBUTION, ETC. (IMPRINT)
Place of publication, distribution, etc Noida
Name of publisher, distributor, etc Pearson
Date of publication, distribution, etc 2022
300 ## - PHYSICAL DESCRIPTION
Pages 857
650 ## - Subject
Subject Biological Science
942 ## - ADDED ENTRY ELEMENTS (KOHA)
Koha item type Books
100 ## - MAIN ENTRY--PERSONAL NAME
-- 3853
650 ## - Subject
-- 14046
952 ## - LOCATION AND ITEM INFORMATION (KOHA)
-- 2025-03-20
Holdings
Withdrawn status Lost status Source of classification or shelving scheme Damaged status Not for loan Location (home branch) Sublocation or collection (holding branch) Date acquired Koha issues (times borrowed) Koha full call number Accession No. Koha date last seen Koha item type
          Doon University Doon University 20.03.2025   575.1 RUS 50425 20.03.2025 Books
Contact : +91-135-2533126 (Library),+91-135-2533105 (Admin Office) , Email : doonlibrary@gmail.com

Powered by Koha